Top Grossing Films of the 1940s - Statistics

General Stats
  • This quiz has been taken 44 times
  • The average score is 4 of 14
Answer Stats
Hint Answer % Correct
6. (1946) The Best Years of Our Lives
71%
1. (1942) Bambi
47%
12. (1944) Going My Way
45%
5. (1940) Fantasia
42%
2. (1940) Pinocchio
42%
7. (1945) The Bells of St. Mary's
32%
11. (1941) Sergeant York
21%
3. (1946) Song of the South
21%
8. (1946) Duel in the Sun
16%
9. (1943) For Whom the Bell Tolls
13%
14. (1947) tie Forever Amber
11%
10. (1943) This is the Army
11%
4. (1949) Samson and Delilah
8%
13. ( 1945) tie Mom and Dad
5%
No matching quizzes found
Score Distribution
Percent of People with Each Score
Percentile by Number Answered
Your Score History
You have not taken this quiz